| 000 | 00670nam a2200229 a 4500 | ||
|---|---|---|---|
| 001 | 2711 | ||
| 003 | CDMR | ||
| 005 | 20131115121801.0 | ||
| 008 | 130130s1995||||sp |||||||||||||||||spa|d | ||
| 020 | _a8449301602 | ||
| 040 |
_aCDMR _bcat _cCDMR |
||
| 100 | 1 |
_93783 _aDurandin, Guy |
|
| 245 | 1 | 3 |
_aLa información, la desinformación y la realidad _cGuy Durandin |
| 260 |
_aBarcelona _bPaidós _c1995 |
||
| 300 | _a277 p. | ||
| 490 | 0 |
_aPaidós Comunicación _v69 |
|
| 650 | 0 | 4 |
_94286 _aDesinformació |
| 650 | 0 | 4 |
_9980 _aComunicació _xAspectes ètics i morals |
| 650 | 0 | 4 |
_93628 _aAssaig |
| 650 | 0 | 4 |
_93243 _aMitjans de comunicació de massa _xManipulació |
| 942 |
_cMON _2udc |
||
| 999 |
_c2711 _d2711 |
||